000 01339nam a2200337 a 4500
001 ebr10670928
003 CaPaEBR
006 m u
007 cr cn|||||||||
008 080215s2009 nyu sb 001 0 eng d
010 _z 2008007303
020 _z9781604564976 (hardcover)
020 _z1604564970 (hardcover)
020 _z9781613241851 (e-book)
040 _aCaPaEBR
_cCaPaEBR
035 _a(OCoLC)705945452
050 1 4 _aQA252.3
_b.C36 2009eb
082 0 4 _a512/.482
_222
100 1 _aCampoamor-Stursberg, R.
245 1 0 _aStructural data and invariants of nine dimensional real Lie algebras with nontrivial Levi decomposition
_h[electronic resource] /
_cR. Campoamor-Stursberg.
260 _aNew York :
_bNova Science Publishers,
_cc2009.
300 _aviii, 108 p.
504 _aIncludes bibliographical references (p. [101]-105) and index.
533 _aElectronic reproduction.
_bPalo Alto, Calif. :
_cebrary,
_d2013.
_nAvailable via World Wide Web.
_nAccess may be limited to ebrary affiliated libraries.
650 0 _aLie algebras.
650 0 _aDecomposition method.
650 0 _aInvariants.
655 7 _aElectronic books.
_2local
710 2 _aebrary, Inc.
856 4 0 _uhttp://site.ebrary.com/lib/rucke/Doc?id=10670928
_zAn electronic book accessible through the World Wide Web; click to view
999 _c161335
_d161335